Statistics for Current Capitals that are Planned Cities

Click here to take the quiz!

General Stats

  • This quiz has been taken 648 times
  • The average score is 7 of 15

Answer Stats

HintAnswer% Correct
South AmericaBrasilia
94%
OceaniaCanberra
85%
North AmericaWashington D.C.
85%
AfricaAbuja
52%
AsiaAstana
45%
AsiaNew Delhi
44%
North AmericaBelmopan
41%
AsiaNaypyidaw
38%
AfricaDodoma
37%
AsiaIslamabad
36%
OceaniaNgerulmud
31%
AfricaYamoussoukro
30%
OceaniaPalikir
24%
AfricaGaborone
11%
AfricaNouakchott
9%

Score Distribution

Percentile by Number Answered

Percent of People with Each Score

Your Score History

You have not taken this quiz